Data communications and networking /

Bibliographic Details
Main Author: Forouzan, Behrouz A.
Other Authors: Fegan, Sophia Chung
Format: Book
Language:English
Published: Dubuque, Iowa ; Tata McGraw-Hill Higher Education, c2004 [reprinted 2005].
Edition:Third edition.
Series:McGraw-Hill Forouzan networking series
Subjects:
Classic Catalogue: View this record in Classic Catalogue
LEADER 01867nam a2200361 a 4500
001 13198641
003 BD-DhAAL
005 20260513180143.0
008 101106r20052004iaua 001 0 eng d
010 |a  2003011267 
020 |a 0070584087 
020 |a 0072515848 (alk. paper) 
040 |a DLC  |c DLC  |d DLC  |d DB-DhAAL 
082 0 0 |a 004.6  |2 21 
100 1 |a Forouzan, Behrouz A. 
245 1 0 |a Data communications and networking /  |c Behrouz A. Forouzan with Sophia Chung Fegan. 
250 |a Third edition. 
260 |a Dubuque, Iowa ;  |b Tata McGraw-Hill Higher Education,  |c c2004 [reprinted 2005]. 
300 |a xxxiv, 973 pages :  |b illustrations ;  |c 24 cm. 
490 0 |a McGraw-Hill Forouzan networking series 
500 |a Includes index. 
541 1 |e 00013881 
650 0 |a Data transmission systems. 
650 0 |a Computer networks. 
700 1 |a Fegan, Sophia Chung.  |9 57757 
852 4 |a Ayesha Abed Library   |j General Shelf. 
942 0 0 |0 5  |2 ddc  |c BK 
999 |c 10033  |d 10033 
952 |0 0  |1 0  |2 ddc  |4 0  |6 004_600000000000000_FOR  |7 0  |9 13111  |a BRACUL  |b BRACUL  |c GEN  |d 2010-11-06  |l 29  |m 219  |o 004.6 FOR  |p 3010013881  |q 2025-10-08  |r 2024-11-04  |s 2024-11-04  |t 1  |w 2010-11-06  |y BK 
952 |0 0  |1 0  |2 ddc  |4 0  |6 004_600000000000000_FOR  |7 0  |9 13133  |a BRACUL  |b BRACUL  |c GEN  |d 2010-11-06  |l 32  |m 272  |o 004.6 FOR  |p 3010013880  |q 2025-11-24  |r 2025-08-10  |s 2025-08-10  |t 2  |w 2010-11-06  |y BK 
952 |0 0  |1 0  |2 ddc  |4 0  |6 004_600000000000000_FOR  |7 0  |9 13134  |a BRACUL  |b BRACUL  |c GEN  |d 2010-11-06  |g 380.00  |l 36  |m 243  |o 004.6 FOR  |p 3010012765  |r 2026-01-19  |s 2025-12-10  |t 3  |w 2010-11-06  |y BK 
952 |0 0  |1 0  |2 ddc  |4 0  |6 004_600000000000000_FOR  |7 0  |9 13135  |a BRACUL  |b BRACUL  |c GEN  |d 2010-11-06  |l 33  |m 305  |o 004.6 FOR  |p 3010015046  |r 2026-04-02  |s 2026-03-28  |t 4  |w 2010-11-06  |y BK 
952 |0 0  |1 0  |2 ddc  |4 0  |6 004_600000000000000_FOR  |7 0  |9 13136  |a BRACUL  |b BRACUL  |c GEN  |d 2010-11-06  |l 29  |m 264  |o 004.6 FOR  |p 3010009789  |r 2025-11-23  |s 2025-11-19  |t 5  |w 2010-11-06  |y BK